[Event "Ostravský koník 2014 - FIDE Open veteránù"]
[Site "Ostrava, CZE"]
[Date "2014.04.29"]
[Round "4"]
[White "Tejkal, Jiri"]
[Black "Briza, Jiri"]
[Result "1/2-1/2"]
[WhiteElo "1942"]
[BlackElo "1910"]
[PlyCount "102"]

1. d4 Nf6 2. Nf3 e6 3. Bg5 Bb4+ 4. c3 Be7 5. e3 b6 6. Bd3 Bb7 7. Nbd2 Nd5 8.
Bxe7 Qxe7 9. Qe2 d6 10. a3 f5 11. c4 Nf6 12. e4 e5 13. dxe5 dxe5 14. O-O f4 15.
c5 Nc6 16. cxb6 axb6 17. Rac1 O-O-O 18. Ba6 Nd4 19. Qc4 Rd6 20. Bxb7+ Kxb7 21.
Rfd1 Rc6 22. Qd3 Rxc1 23. Rxc1 Rd8 24. Qc4 Qd6 25. Nxd4 exd4 26. Qd3 Qe6 27.
Rc4 Ng4 28. Ra4 Ne5 29. Qa6+ Kc6 30. Rb4 Rd6 31. Qa4+ Kb7 32. Rxd4 Rc6 33. Qd1
g5 34. h3 f3 35. Nxf3 Nxf3+ 36. Qxf3 Rc1+ 37. Rd1 Rxd1+ 38. Qxd1 Qxe4 39. Qf3
Qxf3 40. gxf3 c5 41. f4 gxf4 42. Kg2 Kc6 43. Kf3 Kd5 44. Kxf4 Kc4 45. Ke4 Kb3
46. f4 c4 47. f5 Kxb2 48. f6 c3 49. f7 c2 50. f8=Q c1=Q 51. Qb4+ Ka2 1/2-1/2

[Event "Ostravský koník 2014 - FIDE Open veteránù"]
[Site "Ostrava, CZE"]
[Date "2014.04.29"]
[Round "4"]
[White "Vlcek, Antonin"]
[Black "Biza, Miroslav"]
[Result "1-0"]
[WhiteElo "1835"]
[BlackElo "1928"]
[PlyCount "87"]

1. e4 Nf6 2. e5 Nd5 3. d4 d6 4. c4 Nb6 5. f4 Bf5 6. Nf3 dxe5 7. fxe5 e6 8. Nc3
Be7 9. Be2 Nc6 10. a3 O-O 11. O-O f6 12. exf6 Bxf6 13. Be3 Bg4 14. Ne4 Bxf3 15.
Nxf6+ Rxf6 16. Bxf3 Nxc4 17. Bg5 Qxd4+ 18. Qxd4 Nxd4 19. Bxf6 gxf6 20. Bxb7 Rf8
21. Rf2 f5 22. Rd1 c5 23. Ba6 Nd6 24. b4 Ne4 25. Rb2 Rb8 26. Rc1 Kf7 27. Bd3
cxb4 28. Rc7+ Kf6 29. Rxb4 Rxb4 30. axb4 Nd6 31. Rxa7 e5 32. Rxh7 e4 33. Ba6 e3
34. Kf1 Ne4 35. Bd3 Nc3 36. Rh4 Ke5 37. Ke1 f4 38. Rh5+ Kf6 39. b5 f3 40. gxf3
Nxf3+ 41. Kf1 Nd4 42. b6 Ke7 43. b7 Nc6 44. Rc5 1-0

[Event "Ostravský koník 2014 - FIDE Open veteránù"]
[Site "Ostrava, CZE"]
[Date "2014.04.29"]
[Round "4"]
[White "Korinek, Jaroslav"]
[Black "Rechtenberg, Karel"]
[Result "1-0"]
[WhiteElo "1810"]
[BlackElo "1903"]
[PlyCount "97"]

1. e4 g6 2. Nf3 Bg7 3. d4 d6 4. Bc4 e6 5. Be3 Ne7 6. c3 a6 7. a4 d5 8. exd5
exd5 9. Be2 O-O 10. Nbd2 Nd7 11. Nf1 Nf6 12. Ng3 Re8 13. O-O Nf5 14. Nxf5 Bxf5
15. Re1 c6 16. Bd3 Bxd3 17. Qxd3 Qc7 18. g3 Ne4 19. Re2 Re6 20. Bf4 Qd7 21. Ne5
Bxe5 22. Bxe5 f6 23. Bf4 Rae8 24. Rae1 Kf7 25. f3 Nd6 26. Bxd6 Qxd6 27. c4 Rxe2
28. Rxe2 Rxe2 29. Qxe2 dxc4 30. Qxc4+ Qe6 31. Qc3 h5 32. b3 g5 33. Qd3 f5 34.
Kf2 Kf6 35. Qc3 Kg6 36. h3 h4 37. gxh4 gxh4 38. Qe3 Qxe3+ 39. Kxe3 Kf7 40. a5
Ke6 41. Kf4 Kf6 42. b4 Ke6 43. Kg5 Kd5 44. Kxf5 Kxd4 45. Kg4 c5 46. bxc5 Kxc5
47. f4 b5 48. axb6 Kxb6 49. f5 1-0

[Event "Ostravský koník 2014 - FIDE Open veteránù"]
[Site "Ostrava, CZE"]
[Date "2014.04.29"]
[Round "4"]
[White "Trojek, Miroslav"]
[Black "Vinklarek, Vlastimil"]
[Result "0-1"]
[WhiteElo "1901"]
[BlackElo "1762"]
[PlyCount "104"]

1. e4 c5 2. Nf3 Nc6 3. d4 cxd4 4. Nxd4 Nf6 5. Nc3 a6 6. Be2 e5 7. Nb3 d6 8. O-O
Be7 9. Be3 b5 10. f3 O-O 11. Nd5 Nxd5 12. Qxd5 Bb7 13. Qd2 Qc7 14. a3 Rac8 15.
Qe1 Nd4 16. Nxd4 exd4 17. Bxd4 Qxc2 18. Bc3 Qb3 19. Qg3 f6 20. Rad1 d5 21. Rd3
Qc4 22. exd5 Bxd5 23. Kh1 Qc6 24. Ba5 Bc4 25. Rc3 Qe6 26. Bxc4 Rxc4 27. Re1 Qd6
28. Rxc4 bxc4 29. Qf2 Qc5 30. Qxc5 Bxc5 31. Re4 Rb8 32. Re2 Bd4 33. Bb4 a5 34.
Bxa5 Bxb2 35. h3 Bxa3 36. Rc2 Rb1+ 37. Kh2 Rc1 38. Rxc1 Bxc1 39. Bc3 Bf4+ 40.
g3 Be5 41. Bd2 Bb2 42. Be3 Kf7 43. Kg2 Ke6 44. Kf2 Kd5 45. Ke2 Bd4 46. Bc1 f5
47. h4 g6 48. Kf1 c3 49. Ke2 Kc4 50. g4 Kb3 51. Kd3 Bf6 52. gxf5 gxf5 0-1

[Event "Ostravský koník 2014 - FIDE Open veteránù"]
[Site "Ostrava, CZE"]
[Date "2014.04.29"]
[Round "4"]
[White "Pokora, Lubomir"]
[Black "Folta, Frantisek"]
[Result "1/2-1/2"]
[WhiteElo "1892"]
[BlackElo "1812"]
[PlyCount "44"]

1. e4 c5 2. Nf3 d6 3. c3 Nf6 4. h3 Nc6 5. Bd3 g6 6. Bc2 Bg7 7. O-O O-O 8. Qe2
e5 9. d3 d5 10. Bg5 Qd6 11. Nbd2 Be6 12. Rfd1 b5 13. Bxf6 Bxf6 14. exd5 Bxd5
15. Ne4 Qe7 16. Qe3 Bxe4 17. Qxe4 Qd6 18. Qe3 Rac8 19. Nd2 Nd8 20. Ne4 Qc6 21.
Rd2 Bg7 22. Re2 Ne6 1/2-1/2

[Event "Ostravský koník 2014 - FIDE Open veteránù"]
[Site "Ostrava, CZE"]
[Date "2014.04.29"]
[Round "4"]
[White "Doskar, Miloslav"]
[Black "Zlebcik, Ladislav"]
[Result "1/2-1/2"]
[WhiteElo "1703"]
[BlackElo "1889"]
[PlyCount "67"]

1. d4 d5 2. c4 c6 3. Nf3 Nf6 4. Nc3 e6 5. e3 Nbd7 6. Bd3 Bd6 7. Qc2 O-O 8. O-O
dxc4 9. Bxc4 b5 10. Bd3 a6 11. e4 e5 12. dxe5 Nxe5 13. Nxe5 Bxe5 14. Bg5 h6 15.
Bxf6 Qxf6 16. Rac1 Bb7 17. b3 Rfd8 18. Ne2 Bxh2+ 19. Kxh2 Qd6+ 20. g3 Qxd3 21.
Qxd3 Rxd3 22. Nf4 Rd2 23. a3 c5 24. e5 Bd5 25. Rc3 Re8 26. Nxd5 Rxd5 27. f4 f6
28. exf6 Re2+ 29. Kh3 gxf6 30. Rfc1 Rb2 31. a4 Kf7 32. axb5 axb5 33. Rxc5 Rxc5
34. Rxc5 1/2-1/2

[Event "Ostravský koník 2014 - FIDE Open veteránù"]
[Site "Ostrava, CZE"]
[Date "2014.04.29"]
[Round "4"]
[White "Ludvicek, Josef"]
[Black "Jancalek, Jan"]
[Result "0-1"]
[WhiteElo "1867"]
[BlackElo "1783"]
[PlyCount "70"]

1. e4 c5 2. f4 d6 3. Nf3 Nc6 4. Bb5 Bd7 5. a4 a6 6. Bc4 Bg4 7. c3 Bxf3 8. Qxf3
e6 9. O-O Qc7 10. d3 Nf6 11. Qg3 Ne7 12. Nd2 d5 13. Ba2 g6 14. c4 dxe4 15. dxe4
Bg7 16. Bb1 O-O 17. Qh3 Qd7 18. Nf3 Kh8 19. Be3 b6 20. Ng5 h5 21. Bc2 Ng4 22.
Rad1 Bd4 23. Bxd4+ cxd4 24. Rd3 Rad8 25. Re1 Qc7 26. b3 Qxf4 27. Qh4 Qe5 28.
Rh3 d3 29. Bd1 Qd4+ 30. Kf1 d2 31. Re2 Qa1 32. Qxg4 Qxd1+ 33. Kf2 Kg8 34. Rxh5
Qxe2+ 35. Qxe2 d1=Q 0-1

[Event "Ostravský koník 2014 - FIDE Open veteránù"]
[Site "Ostrava, CZE"]
[Date "2014.04.29"]
[Round "4"]
[White "Spala, Jiri"]
[Black "Perik, Alois"]
[Result "1-0"]
[WhiteElo "1000"]
[BlackElo "1838"]
[PlyCount "99"]

1. d4 d5 2. Nf3 Nf6 3. c4 c6 4. Nc3 e6 5. Bg5 Be7 6. e3 Nbd7 7. Rc1 h6 8. Bh4
O-O 9. Bd3 dxc4 10. Bxc4 Nb6 11. Bd3 Nfd5 12. Bxe7 Qxe7 13. O-O Nxc3 14. Rxc3
Nd5 15. Rc1 Bd7 16. Ne5 Rfd8 17. Qf3 Be8 18. Qg3 Rac8 19. Ng4 Kh8 20. Qh3 Qf8
21. Bb1 f5 22. Ne5 Qf6 23. g4 Ne7 24. f4 fxg4 25. Qxg4 Nf5 26. Rf3 Rc7 27. b4
a6 28. Kh1 h5 29. Qg5 Qxg5 30. fxg5 g6 31. Rcf1 Rg7 32. Bc2 Kh7 33. Bb3 Re7 34.
a4 Kg7 35. Bc2 Rb8 36. Bd3 Rc8 37. a5 Rec7 38. Kg1 Bf7 39. Kf2 Be8 40. Ke2 Kg8
41. Kd2 Kg7 42. Kc3 Bf7 43. e4 Nd6 44. Kd2 Be8 45. Rf6 Bf7 46. Ke3 Be8 47. Bc2
Bf7 48. Bb3 Re8 49. Nxf7 Nxf7 50. Bxe6 1-0

[Event "Ostravský koník 2014 - FIDE Open veteránù"]
[Site "Ostrava, CZE"]
[Date "2014.04.29"]
[Round "4"]
[White "Jaros, Bohumil"]
[Black "Linart, Ludvik"]
[Result "1/2-1/2"]
[WhiteElo "2000"]
[BlackElo "1609"]
[PlyCount "86"]

1. e4 c5 2. g3 Nc6 3. c3 e5 4. Bg2 d6 5. Ne2 Qc7 6. Na3 a6 7. h3 Nf6 8. O-O Be7
9. Nc2 O-O 10. Kh2 Be6 11. d3 Rfd8 12. c4 Rac8 13. f4 b6 14. Qe1 Bd7 15. Qf2
Be8 16. Bd2 Nd4 17. Ne3 b5 18. Nc3 Bc6 19. fxe5 dxe5 20. Ncd5 Bxd5 21. Nxd5 Qd6
22. Bg5 bxc4 23. Bxf6 Bxf6 24. dxc4 Rc6 25. Rad1 Qf8 26. Rd2 Bg5 27. Rd3 Rd7
28. Bf3 Bd8 29. Bd1 Rb7 30. b3 Rg6 31. Bh5 Rd6 32. Bf3 g6 33. Bg2 Kg7 34. Nc3
Rf6 35. Qe3 Rxf1 36. Bxf1 h6 37. Bg2 Rd7 38. Qf2 Rb7 39. Rd1 f6 40. Qb2 Qf7 41.
Nd5 Qf8 42. Qa3 Qd6 43. Qb2 Rf7 1/2-1/2

[Event "Ostravský koník 2014 - FIDE Open veteránù"]
[Site "Ostrava, CZE"]
[Date "2014.04.29"]
[Round "4"]
[White "Plesnik, Miroslav"]
[Black "Kanovsky, Jan"]
[Result "1/2-1/2"]
[WhiteElo "1877"]
[BlackElo "1728"]
[PlyCount "54"]

1. d4 Nf6 2. c4 g6 3. Nc3 Bg7 4. e4 d6 5. Bd3 Nc6 6. Nge2 e5 7. d5 Nd4 8. O-O
c5 9. dxc6 bxc6 10. Bg5 h6 11. Bh4 g5 12. Bg3 c5 13. Nxd4 cxd4 14. Nd5 O-O 15.
Nxf6+ Bxf6 16. b4 Qc7 17. Qh5 Kg7 18. h4 Rh8 19. hxg5 hxg5 20. Qe2 Bd7 21. f3
Be7 22. Be1 f6 23. Bd2 Rh7 24. Qf2 Rah8 25. Qg3 Kf8 26. Kf2 Rh2 27. Kg1 Rh1+
1/2-1/2

[Event "Ostravský koník 2014 - FIDE Open veteránù"]
[Site "Ostrava, CZE"]
[Date "2014.04.29"]
[Round "4"]
[White "Novotny, Petr"]
[Black "Puobis, Jozef"]
[Result "1/2-1/2"]
[WhiteElo "1661"]
[BlackElo "1869"]
[PlyCount "24"]

1. e4 e5 2. Nf3 Nc6 3. Bb5 a6 4. Ba4 Nf6 5. O-O Nxe4 6. Re1 Nc5 7. Bxc6 dxc6 8.
d4 Ne6 9. Nxe5 Be7 10. c3 O-O 11. Nd2 c5 12. dxc5 Nxc5 1/2-1/2

[Event "Ostravský koník 2014 - FIDE Open veteránù"]
[Site "Ostrava, CZE"]
[Date "2014.04.29"]
[Round "4"]
[White "Micka, Jaroslav"]
[Black "Herman, Pavel"]
[Result "0-1"]
[WhiteElo "1837"]
[BlackElo "1706"]
[PlyCount "65"]

1. e4 d6 2. d4 Nf6 3. Nc3 g6 4. f3 Bg7 5. Be3 O-O 6. Qd2 Nc6 7. g4 e5 8. Nge2
h5 9. g5 Nd7 10. O-O-O exd4 11. Nxd4 Nxd4 12. Bxd4 Bxd4 13. Qxd4 Qxg5+ 14. Kb1
Nb6 15. Be2 Kh7 16. Nb5 Bd7 17. Nxc7 Rac8 18. Nd5 Nxd5 19. Qxd5 Qe3 20. Qd2 Qc5
21. Bd3 Be6 22. Rhg1 Bc4 23. Rg5 Qb6 24. Bxc4 Rxc4 25. Rd5 Rfc8 26. Rc1 R8c6
27. c3 R4c5 28. Rd3 Re5 29. Rd4 Re6 30. Rd3 Qc7 31. Qe3 b6 32. Rd4 Qe7 33. Rf1
0-1

[Event "Ostravský koník 2014 - FIDE Open veteránù"]
[Site "Ostrava, CZE"]
[Date "2014.04.29"]
[Round "4"]
[White "Lavrisin, Jan"]
[Black "Sipl, Frantisek"]
[Result "0-1"]
[WhiteElo "1620"]
[BlackElo "1836"]
[PlyCount "90"]

1. d4 Nf6 2. Nf3 e6 3. c4 d5 4. g3 c6 5. cxd5 cxd5 6. Bg2 Ne4 7. O-O Be7 8.
Qa4+ Bd7 9. Qb3 Bc6 10. Nc3 Nxc3 11. Qxc3 Nd7 12. Bd2 Rc8 13. Rac1 O-O 14. Rfe1
f6 15. Qe3 Kf7 16. Bh3 f5 17. g4 g6 18. gxf5 exf5 19. Qh6 Kg8 20. Bg5 Rf7 21.
Bxe7 Qxe7 22. Ng5 Rg7 23. Rc3 Nf6 24. f3 Re8 25. e4 dxe4 26. Bg2 Qb4 27. Nh3
Qxd4+ 28. Nf2 Nd5 29. Rd1 Qb6 30. Qh3 Qc7 31. fxe4 Nf4 32. Qf3 fxe4 33. Qg4 e3
34. Nh3 Nxh3+ 35. Qxh3 Qf4 36. Rf1 Qg5 37. Qg3 Kh8 38. Re1 h5 39. Bh3 Qxg3+ 40.
hxg3 Rge7 41. Bg2 Bxg2 42. Kxg2 Kg7 43. Rc4 Rd8 44. Re2 Kf6 45. Kf3 Rdd7 0-1

[Event "Ostravský koník 2014 - FIDE Open veteránù"]
[Site "Ostrava, CZE"]
[Date "2014.04.29"]
[Round "4"]
[White "Pirhala, Ladislav"]
[Black "Lexa, Vaclav"]
[Result "0-1"]
[WhiteElo "1481"]
[BlackElo "1895"]
[PlyCount "98"]

1. e4 c5 2. Nf3 d6 3. d4 cxd4 4. Nxd4 Nf6 5. Nc3 a6 6. Bg5 e6 7. Qd2 h6 8. Bh4
Be7 9. f4 Qc7 10. O-O-O Nxe4 11. Nxe4 Bxh4 12. Nf3 d5 13. Nxh4 dxe4 14. g3 Nd7
15. Ng2 b5 16. Ne3 Nf6 17. Bh3 Bb7 18. f5 e5 19. Rhg1 Qc5 20. Kb1 Ke7 21. g4
Rhd8 22. Qe2 Rxd1+ 23. Rxd1 a5 24. Qd2 Rc8 25. Bf1 Bd5 26. Nxd5+ Nxd5 27. Be2
a4 28. Rc1 a3 29. c4 axb2 30. Qxb2 Qe3 31. cxd5 Rxc1+ 32. Qxc1 Qxe2 33. Qc7+
Ke8 34. d6 Qd1+ 35. Kb2 Qd4+ 36. Kb3 Qc4+ 37. Qxc4 bxc4+ 38. Kxc4 Kd7 39. a4
Kxd6 40. Kc3 f6 41. Kd2 Kc5 42. Ke3 Kb4 43. Kxe4 Kxa4 44. h4 Kb5 45. g5 Kc5 46.
gxh6 gxh6 47. h5 Kc4 48. Ke3 Kd5 49. Kd3 e4+ 0-1

[Event "Ostravský koník 2014 - FIDE Open veteránù"]
[Site "Ostrava, CZE"]
[Date "2014.04.29"]
[Round "4"]
[White "Zdrazila, Jaromir"]
[Black "Koudelka, Milos"]
[Result "0-1"]
[WhiteElo "1547"]
[BlackElo "1758"]
[PlyCount "116"]

1. e4 e5 2. Nf3 Nc6 3. Bc4 Nf6 4. Nc3 Be7 5. d4 exd4 6. Nxd4 O-O 7. Nxc6 dxc6
8. O-O b5 9. Bd3 b4 10. Ne2 Bb7 11. Be3 c5 12. f3 Nd7 13. Ng3 Ne5 14. Be2 Qxd1
15. Rfxd1 Rfd8 16. b3 Nc6 17. Nf5 Bf6 18. Rab1 Nd4 19. Nxd4 Bxd4 20. Kf2 a5 21.
Bd3 f6 22. Ke2 Ba6 23. Bxa6 Rxa6 24. Bxd4 cxd4 25. Rd2 Re6 26. Kf2 Kf7 27. Re1
c5 28. f4 Rde8 29. Kf3 Ra6 30. Rde2 a4 31. e5 axb3 32. cxb3 fxe5 33. fxe5 Ke6
34. Ke4 Rd8 35. Rd1 Ra7 36. Rd3 Rf7 37. Rf3 Rxf3 38. gxf3 d3 39. Rd2 Rd4+ 40.
Ke3 Kxe5 41. Rxd3 Rxd3+ 42. Kxd3 Kd5 43. f4 g6 44. h3 h6 45. h4 h5 46. Ke3 Kd6
47. Ke4 Ke6 48. Kd3 Kf5 49. Kc4 Kxf4 50. Kxc5 g5 51. Kxb4 gxh4 52. a4 h3 53. a5
h2 54. Kb5 h1=Q 55. b4 Ke5 56. Kb6 Qa8 57. a6 Qb8+ 58. Ka5 Qc7+ 0-1

[Event "Ostravský koník 2014 - FIDE Open veteránù"]
[Site "Ostrava, CZE"]
[Date "2014.04.29"]
[Round "4"]
[White "Bystron, Vladislav"]
[Black "Chlevistan, Jaromir"]
[Result "0-1"]
[WhiteElo "1751"]
[BlackElo "1581"]
[PlyCount "68"]

1. e4 c6 2. Bc4 e6 3. Nc3 d5 4. exd5 exd5 5. Qe2+ Qe7 6. Qxe7+ Bxe7 7. Bb3 Nf6
8. d3 O-O 9. Bg5 Re8 10. O-O-O Be6 11. Nf3 Nbd7 12. h3 Nc5 13. g4 a5 14. Nd4 a4
15. Nxe6 fxe6 16. Bxd5 exd5 17. a3 Ncd7 18. Rde1 b5 19. Na2 Bd6 20. Ref1 h6 21.
Bd2 Bc5 22. f4 Re2 23. g5 hxg5 24. fxg5 Nh5 25. Be1 Rf8 26. Rxf8+ Nxf8 27. Rf1
Ne6 28. c3 Be3+ 29. Kb1 Nhf4 30. h4 Nxd3 31. Bg3 Rxb2+ 32. Ka1 Nec5 33. Nc1
Bxc1 34. Rxc1 Nb3# 0-1

[Event "Ostravský koník 2014 - FIDE Open veteránù"]
[Site "Ostrava, CZE"]
[Date "2014.04.29"]
[Round "4"]
[White "Kosar st., Mikulas"]
[Black "Hruska, Stanislav"]
[Result "1-0"]
[WhiteElo "1731"]
[BlackElo "1491"]
[PlyCount "42"]

1. e4 e5 2. Nf3 Nf6 3. Nxe5 Nc6 4. Nf3 Bc5 5. d4 Nxd4 6. Nxd4 d6 7. Be2 Nxe4 8.
O-O O-O 9. Be3 Qf6 10. c3 a6 11. Bd3 d5 12. Qf3 Qg6 13. Qd1 Bh3 14. Bxe4 dxe4
15. g3 Bd6 16. b3 c5 17. Ne2 Rad8 18. Nf4 Bxf4 19. Bxf4 Bg4 20. Qe1 Rfe8 21.
Be3 b6 1-0

[Event "Ostravský koník 2014 - FIDE Open veteránù"]
[Site "Ostrava, CZE"]
[Date "2014.04.29"]
[Round "4"]
[White "Divis, Jan"]
[Black "Bebek, Ivan"]
[Result "1-0"]
[WhiteElo "1727"]
[BlackElo "1375"]
[PlyCount "37"]

1. d4 Nf6 2. Bf4 e6 3. e3 b6 4. Nd2 Bb7 5. Ngf3 Be7 6. h3 O-O 7. Bd3 d6 8. O-O
c5 9. c3 Nc6 10. Re1 cxd4 11. exd4 Nh5 12. Bh2 g6 13. Be2 d5 14. Ne5 Ng7 15.
Qa4 Bd6 16. Kh1 Qc8 17. Ndf3 f6 18. Nxc6 Bxh2 19. Ne7+ 1-0

[Event "Ostravský koník 2014 - FIDE Open veteránù"]
[Site "Ostrava, CZE"]
[Date "2014.04.29"]
[Round "4"]
[White "Sudolsky, Jan"]
[Black "Tretina, Zdenek"]
[Result "1/2-1/2"]
[WhiteElo "1546"]
[BlackElo "1740"]
[PlyCount "59"]

1. Nf3 d5 2. c4 d4 3. d3 c5 4. e3 Nc6 5. exd4 cxd4 6. Be2 e5 7. a3 a5 8. Nbd2
g6 9. Ne4 Bg7 10. c5 Bf8 11. Qc2 Qd5 12. Bg5 Be7 13. Bxe7 Kxe7 14. O-O Nf6 15.
Nxf6 Kxf6 16. Nd2 Kg7 17. Bf3 Qd8 18. Nc4 Qc7 19. Nb6 Ra6 20. Nd5 Qd8 21. b4
axb4 22. axb4 Rxa1 23. Rxa1 Be6 24. b5 Bxd5 25. bxc6 bxc6 26. Bxd5 Qxd5 27. f3
Rb8 28. Rc1 Qb3 29. Qe2 Qa3 30. Qxe5+ 1/2-1/2

[Event "Ostravský koník 2014 - FIDE Open veteránù"]
[Site "Ostrava, CZE"]
[Date "2014.04.29"]
[Round "4"]
[White "Fiser, Otakar"]
[Black "Sumbera, Antonin"]
[Result "0-1"]
[WhiteElo "1610"]
[BlackElo "1671"]
[PlyCount "31"]

1. c4 e6 2. g3 c6 3. Bg2 d5 4. cxd5 exd5 5. d4 Nf6 6. Nc3 Bb4 7. Qc2 O-O 8. Bd2
Bg4 9. O-O-O Bh5 10. f3 Bg6 11. Qb3 a5 12. a3 Bxc3 13. Qxc3 b5 14. b4 axb4 15.
axb4 Ra2 16. Bg5 0-1

[Event "Ostravský koník 2014 - FIDE Open veteránù"]
[Site "Ostrava, CZE"]
[Date "2014.04.29"]
[Round "4"]
[White "Pisa, Lubomir"]
[Black "Krivohlavek, Josef"]
[Result "1-0"]
[WhiteElo "1557"]
[BlackElo "1500"]
[PlyCount "101"]

1. d4 Nf6 2. c4 g6 3. Nc3 Bg7 4. e4 d6 5. Nf3 O-O 6. Be2 e5 7. d5 c5 8. O-O Bg4
9. h3 Bxf3 10. Bxf3 a6 11. Re1 Nbd7 12. Bg5 Qe8 13. Rb1 h6 14. Be3 Nh7 15. Qd2
h5 16. Be2 Qe7 17. b4 Rab8 18. Na4 f5 19. f3 fxe4 20. fxe4 Nhf6 21. Bf3 b5 22.
cxb5 axb5 23. Nc3 c4 24. a4 bxa4 25. Nxa4 Rfc8 26. Nc3 Qd8 27. Rb2 Nb6 28. Ra1
Ra8 29. Rba2 Rxa2 30. Rxa2 Ra8 31. Qf2 Rxa2 32. Qxa2 Nfd7 33. Be2 Qc7 34. Nb5
Qb8 35. Bxc4 Nxc4 36. Qxc4 Bf8 37. Qc6 Nf6 38. Ba7 Qd8 39. Qc2 Nd7 40. Qc7 Qxc7
41. Nxc7 Nf6 42. Ne6 Nxe4 43. b5 Nc5 44. Nxc5 dxc5 45. b6 c4 46. b7 Bd6 47.
b8=Q+ Bxb8 48. Bxb8 e4 49. Be5 Kf7 50. Kf2 g5 51. Ke3 1-0

[Event "Ostravský koník 2014 - FIDE Open veteránù"]
[Site "Ostrava, CZE"]
[Date "2014.04.30"]
[Round "5"]
[White "Krouzel, Jaroslav"]
[Black "Macura, Emil"]
[Result "0-1"]
[WhiteElo "2135"]
[BlackElo "1997"]
[PlyCount "104"]

1. d4 Nf6 2. c4 g6 3. Nc3 Bg7 4. e4 d6 5. Be2 Nbd7 6. Bg5 h6 7. Be3 e5 8. d5
Nc5 9. f3 a5 10. Qd2 Bd7 11. g4 h5 12. g5 Ng8 13. O-O-O Ne7 14. h4 b6 15. Nh3
Nc8 16. f4 Qe7 17. Bf3 Na7 18. Qc2 exf4 19. Nxf4 O-O-O 20. Bxc5 bxc5 21. Rhe1
Be5 22. Nd3 f6 23. gxf6 Qxf6 24. Rf1 Qxh4 25. Nxe5 Qg5+ 26. Qd2 Qxe5 27. Ne2 a4
28. Rg1 Rdg8 29. Rg5 Qf6 30. Rf1 a3 31. Bg2 Qxb2+ 32. Qxb2 axb2+ 33. Kxb2 Kb8
34. Rf6 Be8 35. Bh3 Rf8 36. Rxf8 Rxf8 37. Kc2 Rf3 38. Be6 Nc8 39. Rg3 Rxg3 40.
Nxg3 h4 41. Nf1 Nb6 42. Ne3 Nd7 43. Kd2 Ne5 44. Ke2 Kb7 45. Kf2 Kb6 46. Kg2 Ka5
47. Kh3 g5 48. Ng4 Bh5 49. Nf6 Be2 50. Nh7 Bf1+ 51. Kh2 g4 52. Nf6 g3+ 0-1

[Event "Ostravský koník 2014 - FIDE Open veteránù"]
[Site "Ostrava, CZE"]
[Date "2014.04.30"]
[Round "5"]
[White "Jancalek, Jan"]
[Black "Jamka, Bretislav"]
[Result "0-1"]
[WhiteElo "1783"]
[BlackElo "2059"]
[PlyCount "86"]

1. d4 Nf6 2. c4 e5 3. e3 exd4 4. exd4 d5 5. Nc3 Bb4 6. Bg5 O-O 7. Nf3 Qe8+ 8.
Ne5 Ne4 9. Be3 Nxc3 10. Qb3 Nxa2+ 11. Kd1 Bd6 12. Rxa2 Bxe5 13. dxe5 d4 14. Bf4
c5 15. Qg3 Qe6 16. Bd3 Nc6 17. Ra3 Re8 18. Re1 f6 19. Bh6 Qg4+ 20. Qxg4 Bxg4+
21. f3 Bh5 22. Bf4 fxe5 23. Bg3 Bf7 24. b3 Bg6 25. Bxg6 hxg6 26. Re4 Kf7 27.
Ra2 Re6 28. Rae2 Rae8 29. h4 a6 30. f4 exf4 31. Rxe6 Rxe6 32. Rxe6 Kxe6 33.
Bxf4 b5 34. cxb5 axb5 35. g4 Ne5 36. g5 Kf5 37. Bg3 Ke4 38. Be1 c4 39. bxc4
bxc4 40. Bb4 Nf3 41. Bf8 Nxh4 42. Bxg7 Nf3 43. Bf6 d3 0-1

[Event "Ostravský koník 2014 - FIDE Open veteránù"]
[Site "Ostrava, CZE"]
[Date "2014.04.30"]
[Round "5"]
[White "Briza, Jiri"]
[Black "Korinek, Jaroslav"]
[Result "1/2-1/2"]
[WhiteElo "1910"]
[BlackElo "1810"]
[PlyCount "120"]

1. d4 d5 2. Nf3 Nf6 3. e3 Bg4 4. Be2 c6 5. O-O Qc7 6. Nbd2 Nbd7 7. b3 e6 8. Bb2
Bd6 9. c4 O-O 10. h3 Bf5 11. c5 Be7 12. Nh4 Ne4 13. Nxf5 exf5 14. Bd3 Ndf6 15.
Re1 Nxd2 16. Qxd2 Ne4 17. Qc2 g6 18. b4 Bh4 19. Re2 Rae8 20. Bc3 Re6 21. Be1
Rfe8 22. a4 Qe7 23. Ra2 h5 24. b5 Qf6 25. Bxe4 Rxe4 26. Ra3 f4 27. Qd1 f3 28.
Rd2 fxg2 29. Kxg2 Qg5+ 30. Kh2 Qf6 31. Rad3 Bg5 32. Kg2 Bf4 33. Qf3 Qg5+ 34.
Kf1 Bc7 35. Ke2 R8e6 36. Kd1 Rf6 37. Qh1 Ba5 38. Rb2 Bxe1 39. Kxe1 Qf5 40. bxc6
bxc6 41. Qh2 Rh4 42. Qe5 Rxh3 43. Qxf5 Rxf5 44. Rdd2 Rh1+ 45. Ke2 Ra1 46. Ra2
Rxa2 47. Rxa2 h4 48. a5 h3 49. f4 h2 50. Ra1 Rh5 51. Rh1 Kf8 52. Kf3 Rh3+ 53.
Kg4 Rxe3 54. Rxh2 Ra3 55. Rh8+ Ke7 56. Rb8 Rxa5 57. Kg5 Ra4 58. Rb7+ Ke8 59.
Rb8+ Kd7 60. Rb7+ Kd8 1/2-1/2

[Event "Ostravský koník 2014 - FIDE Open veteránù"]
[Site "Ostrava, CZE"]
[Date "2014.04.30"]
[Round "5"]
[White "Vinklarek, Vlastimil"]
[Black "Vlcek, Antonin"]
[Result "1/2-1/2"]
[WhiteElo "1762"]
[BlackElo "1835"]
[PlyCount "120"]

1. d4 Nf6 2. c4 e6 3. Nc3 Bb4 4. Bg5 h6 5. Bd2 d5 6. e3 O-O 7. Qc2 c5 8. a3
cxd4 9. exd4 Bxc3 10. Bxc3 b6 11. cxd5 exd5 12. Nf3 Re8+ 13. Ne5 Ne4 14. Bb5
Bd7 15. Bxd7 Nxd7 16. O-O Nxe5 17. dxe5 Rc8 18. f4 Qc7 19. Rad1 Qc5+ 20. Kh1 f5
21. Qe2 Re6 22. Bd4 Qe7 23. Rc1 Rcc6 24. Rxc6 Rxc6 25. g3 Qc7 26. Qb5 Qd7 27.
Kg1 Kf7 28. Rd1 Ke6 29. Be3 h5 30. Rd4 Rc7 31. Qxd7+ Rxd7 32. Rd1 Rc7 33. Rc1
Rxc1+ 34. Bxc1 d4 35. Kf1 d3 36. Be3 Kd5 37. b3 Nc3 38. Ke1 Ke4 39. Bc1 Nb5 40.
Bb2 Nc7 41. Kd2 Nd5 42. a4 g5 43. h4 gxf4 44. gxf4 Nxf4 45. Bc3 Ne6 46. b4 a6
47. Bb2 f4 48. Bc3 f3 49. Ke1 a5 50. bxa5 bxa5 51. Kf2 Nd4 52. Bxa5 Kxe5 53.
Ke3 Kd5 54. Bc3 Nc2+ 55. Kxf3 Kc4 56. Bd2 Nd4+ 57. Ke4 Nb3 58. Ke3 Nc5 59. a5
Kb5 60. Kd4 Nb3+ 1/2-1/2

[Event "Ostravský koník 2014 - FIDE Open veteránù"]
[Site "Ostrava, CZE"]
[Date "2014.04.30"]
[Round "5"]
[White "Zlebcik, Ladislav"]
[Black "Spala, Jiri"]
[Result "1-0"]
[WhiteElo "1889"]
[BlackElo "1000"]
[PlyCount "41"]

1. e4 e6 2. d4 d5 3. Nd2 Nf6 4. e5 Nfd7 5. Bd3 c5 6. c3 Nc6 7. Ne2 cxd4 8. cxd4
Qb6 9. Nf3 Bb4+ 10. Kf1 f6 11. exf6 Nxf6 12. Bf4 Bd7 13. a3 Be7 14. b4 O-O 15.
h4 Ne4 16. Qc2 Rxf4 17. Nxf4 Nxd4 18. Nxd4 Qxd4 19. Rd1 Rc8 20. Qe2 Qf6 21. Nh5
1-0

[Event "Ostravský koník 2014 - FIDE Open veteránù"]
[Site "Ostrava, CZE"]
[Date "2014.04.30"]
[Round "5"]
[White "Folta, Frantisek"]
[Black "Kostal, Otakar"]
[Result "1/2-1/2"]
[WhiteElo "1812"]
[BlackElo "2008"]
[PlyCount "43"]

1. c4 c6 2. Nf3 e6 3. Nc3 d5 4. e3 Bd6 5. d4 f5 6. Ne5 Nf6 7. Be2 O-O 8. O-O
Nbd7 9. f4 Ne4 10. Nxd7 Nxc3 11. bxc3 Bxd7 12. a4 b6 13. Qb3 Rf6 14. Ba3 Be7
15. Rab1 Rb8 16. Qc2 Rh6 17. Rf2 g5 18. g3 g4 19. Bf1 Rf6 20. Qa2 Bc8 21. c5
Rf7 22. c4 1/2-1/2

[Event "Ostravský koník 2014 - FIDE Open veteránù"]
[Site "Ostrava, CZE"]
[Date "2014.04.30"]
[Round "5"]
[White "Sipl, Frantisek"]
[Black "Tejkal, Jiri"]
[Result "1/2-1/2"]
[WhiteElo "1836"]
[BlackElo "1942"]
[PlyCount "72"]

1. d4 Nf6 2. c4 g6 3. Nc3 Bg7 4. Nf3 O-O 5. Bg5 h6 6. Bf4 d6 7. h3 Nbd7 8. Qc2
c6 9. Rd1 Qa5 10. e3 a6 11. a3 b5 12. cxb5 cxb5 13. Qd2 Bb7 14. Be2 e5 15. Bh2
Rfe8 16. O-O Qb6 17. dxe5 dxe5 18. Qd6 Qxd6 19. Rxd6 Bf8 20. Rdd1 Rac8 21. Rc1
Bd6 22. Rfd1 Bb8 23. Nd2 Nc5 24. b4 Ncd7 25. Bg4 Nxg4 26. hxg4 Nb6 27. Nde4
Bxe4 28. Nxe4 Rxc1 29. Rxc1 Rd8 30. Nc5 Rd5 31. Nxa6 Bd6 32. Bg3 Nc4 33. a4 Na3
34. axb5 Rxb5 35. Rc6 Rd5 36. Nc5 Nc2 1/2-1/2